000 01243cam a22003494a 4500
001 15842621
005 20170105102839.0
008 090730s2009 ii b 001 0 eng
010 _a 2009311997
020 _a9780415544528
025 _aI-E-2009-311997; 63-91; 63-02
037 _bLibrary of Congress -- New Delhi Overseas Office
_cRs695.00
040 _aDLC
_cDLC
_dDLC
042 _alcode
043 _aa-ii---
_an-us---
050 0 0 _aJZ5675
_b.I685 2009
082 _a327.174
245 0 0 _aIndo-US nuclear deal :
_bseeking synergy in bilateralism /
_ceditor P.R. Chari.
260 _aNew Delhi :
_bRoutledge,
_c2009.
300 _ax, 326 p. ;
_c23 cm.
504 _aIncludes bibliographical references and index.
610 1 0 _aIndia.
_tTreaties, etc.
_gUnited States,
_d2008 October 8.
650 0 _aNuclear nonproliferation
_zIndia.
650 0 _aNuclear energy
_xGovernment policy
_zIndia.
650 0 _aNuclear energy
_xGovernment policy
_zUnited States.
651 0 _aIndia
_xForeign relations
_zUnited States.
651 0 _aUnited States
_xForeign relations
_zIndia.
700 1 _aChari, P. R.
906 _a7
_bcbc
_corigode
_d3
_encip
_f20
_gy-gencatlg
942 _2ddc
_cBK
999 _c13813
_d13813